Score 0/20 Timer 07:00
0 Plays Today
% Correct
Justin Bieber
95.7%
Bruno Mars
92.3%
Paul McCartney
89.9%
Will Ferrell
87%
Courteney Cox
81.7%
Rosie O'Donnell
70.7%
Billy Bob Thornton
69.7%
John Stamos
66.5%
Dana Carvey
63.5%
Alicia Keys
55.3%
% Correct
Fred Astaire
55.2%
Josh Groban
52.2%
Jimmy Kimmel
42.9%
Jeremy Piven
41.2%
Mike Piazza
34.8%
Fred Armisen
33.1%
Adam Brody
21.2%
Jason Schwartzman
16.7%
Omar Vizquel
5.7%
Jenny Jones
3.8%
Remove Ads.
Support Sporcle.
Get the best of Sporcle when you Go Orange. This ad-free experience offers more features, more stats, and more fun while also helping to support Sporcle. Thank you for becoming a member.

You're not logged in!

Compare scores with friends on all Sporcle quizzes.
OR
Log In

Show Comments

Extras

Top Quizzes Today


Score Distribution

Your Account Isn't Verified!

In order to create a playlist on Sporcle, you need to verify the email address you used during registration. Go to your Sporcle Settings to finish the process.

Report this User

Report this user for behavior that violates our Community Guidelines.

Details: